| 000 | 02568cam a22004574i 4500 | ||
|---|---|---|---|
| 003 | PE-LiUPU | ||
| 005 | 20250731165410.0 | ||
| 008 | 151021s2011 pe a grm 000 0 spa d | ||
| 035 | _a(Sirsi) a155019 | ||
| 040 |
_aPE-LiUPU _bspa _cPE-LiUPU _erda |
||
| 099 |
_aTEF 2 _bM77 2011 |
||
| 100 | 1 |
_aMontañez Abarca, Marleni _eautor |
|
| 245 | 1 |
_aRiesgo cadiovascular según SCORE DE FRAMINGHAN en los pobladores mayores de 30 años de la urbanización de San Antonio de Carapongo Etapa II, 2011 / _cMarleni Montañez Abarca. |
|
| 264 | 0 | _c2011. | |
| 300 |
_a83 hojas : _bilustraciones; _c30 cm |
||
| 336 |
_atext _2rdacontent |
||
| 337 |
_aunmediated _2rdamedia |
||
| 338 |
_avolume _2rdacarrier |
||
| 502 |
_aTesis _b(Lic.) -- _cUniversidad Peruana Unión, _d2011. |
||
| 504 | _aIncluye referencias | ||
| 520 | 3 | _aLas enfermedades cardiovasculares son un problema de salud pública, según estadísticas son la causa del 60 por ciento de la mortalidad mundial y del 47 por ciento de la carga de enfermedad. En el Perú la mayor carga de enfermedad se atribuye a las enfermedades no transmisibles (58,5 por ciento) primando los problemas cardiovasculares. Cabe mencionar que para que para este problema existen factores de riesgo cardiovascular que son condiciones individuales que pueden aumentar la posibilidad de desarrollar enfermedades cardiovasculares, las cuales son cambios en el estilo de vida como sedentarismo, tabaquismo, estado nutricional, también influye la edad la herencia y el sexo, entre otros. -Para establecer el riesgo cardiovascular (probabilidad de sufrir una ECV a 5 ó 10 años) existe un test estandarizado y utilizado en investigaciones similares, dicho instrumento es el Score de Framingham que es el estudio epidemiológico de cohortes con más años de seguimiento a nivel mundial y que han promocionado más información sobre los factores de riesgo cardiovascular y su papel en la predicción de acontecimientos coronarios. | |
| 526 | _aSEG44 | ||
| 526 | _aSEG26 | ||
| 526 | _aP151 | ||
| 526 | _aP150 | ||
| 526 | _aP149 | ||
| 526 | _aP146 | ||
| 526 | _aP145 | ||
| 526 | _aP126 | ||
| 526 | _aP125 | ||
| 526 | _aP92 | ||
| 526 | _aP75 | ||
| 526 | _aP74 | ||
| 526 | _aP27 | ||
| 526 | _aP15 | ||
| 650 | 0 | 4 |
_aAdultos _xEnfermedades cardiovasculares. |
| 700 | 1 |
_aDíaz Orihuela, Sarita Soledade _eautor |
|
| 596 | _a1 | ||
| 942 |
_2ddc _cTESIS |
||
| 999 |
_aTEF 2 M77 2011 _wALPHANUM _c7710 _iT01309 _lCCODEBUL3 _mBUL _r1 _sY _tTESIS _u2015-10-21 _xSALUD _PP22 _o.STAFF. Tesis _d7710 |
||
| 980 |
_81 _gALBERTO SANCHEZ Responsable de Automatización |
||